Los jueces Carrera judicial y cultura jurd̕ica /

Detalles Bibliográficos
Autor principal: Gonzales Mantilla, Gorki
Formato: eBook
Lenguaje:español
Publicado: Lima : Editorial Palestra, 2009
Materias:
Acceso en línea:Acceso restringido

MARC

LEADER 00000nam a22000007a 4500
005 20120625174413.0
007 cr|||| ||||
008 120625s2009 pe |||||s|||| 00||0 spa d
020 |a 978-612-4047-09-1 
035 |a 6457 
040 |a vLex 
090 |c 3242  |d 3242 
100 1 |a Gonzales Mantilla, Gorki 
245 1 3 |a Los jueces  |h [Recurso electrn̤ico] :  |b Carrera judicial y cultura jurd̕ica /  |c Gorki Gonzales Mantilla 
256 |a Servicio en ln̕ea 
260 |a Lima :  |b Editorial Palestra,  |c 2009  
300 |a 1 recurso electrn̤ico 
506 1 |a Contenido solo disponible en los productos indicados  |d vLex Global   |d vLex Global (Academic Edition, excluding Law Schools)   |d vLex Global (U.S. Academic Edition, Law Schools)   |d vLex Global (U.S. Academic Edition, excluding Law Schools)   |d vLex Global (Academic Edition, Law Schools)  
650 |a Jueces  |z Per︢ 
740 0 |a vLex Libros (Servicio en ln̕ea) 
856 4 0 |u http://vlex.com/source/jueces-carrera-judicial-cultura-juridica-6457  |z Acceso restringido 
942 |c BOOK 
999 0 |a Judges